{"text_format":"3","workbook":"xlsx","n_sheets":1,"sheets":["t378"],"read":"whole","date_system":"1900"}

{"sheet":"t378","index":0,"n_rows":188,"n_cols":7,"rows_kept":188,"merged":[[0,0,0,6],[28,0,28,5],[44,0,44,5],[160,0,160,5]]}
["TABELA 378.1 - Estatísticas Agrícolas, Município de Óleo, Estado de São Paulo, 2016/17."]
["ITEM","UNIDADE","N.DE UPAs","MÍNIMO","MÉDIO","MÁXIMO","TOTAL"]
["Distância à sede do município","km",405,0.1,{"v":10.01,"d":"10.0"},{"v":28,"d":"28.0"},"-"]
["Área total","hectare",405,1.3,{"v":48.67,"d":"48.7"},{"v":3704.9,"d":"3,704.9"},{"v":19711.66,"d":"19,711.7"}]
["Área com cultura perene","hectare",40,0.3,9.6,{"v":125,"d":"125.0"},383.9]
["Área com cultura temporária","hectare",207,0.1,{"v":45.37,"d":"45.4"},{"v":3200,"d":"3,200.0"},{"v":9391.7,"d":"9,391.7"}]
["Área com pastagem","hectare",288,0.4,{"v":20.17,"d":"20.2"},{"v":725,"d":"725.0"},{"v":5808.7,"d":"5,808.7"}]
["Área com reflorestamento","hectare",142,0.1,13.7,{"v":184,"d":"184.0"},{"v":1944.8,"d":"1,944.8"}]
["Área com vegetação natural","hectare",333,0.1,{"v":5.38,"d":"5.4"},{"v":386,"d":"386.0"},{"v":1792.86,"d":"1,792.9"}]
["Área com vegetação de brejo e várzea","hectare",16,0.2,{"v":7.44,"d":"7.4"},{"v":75,"d":"75.0"},{"v":119,"d":"119.0"}]
["Área em descanso","hectare",5,1.2,{"v":6.02,"d":"6.0"},10.7,30.1]
["Área complementar","hectare",258,0.1,{"v":0.93,"d":"0.9"},29.5,240.6]
["Área das UPAs com (0, 1] ha","hectare","-","-","-","-","-"]
["Área das UPAs com (1, 2] ha","hectare",1,1.3,1.3,1.3,1.3]
["Área das UPAs com (2, 5] ha","hectare",36,2.4,{"v":3.78,"d":"3.8"},{"v":5,"d":"5.0"},{"v":136.05,"d":"136.1"}]
["Área das UPAs com (5, 10] ha","hectare",50,5.3,{"v":7.93,"d":"7.9"},9.9,396.5]
["Área das UPAs com (10, 20] ha","hectare",105,10.1,{"v":14.66,"d":"14.7"},19.8,{"v":1539.8,"d":"1,539.8"}]
["Área das UPAs com (20, 50] ha","hectare",130,20.1,{"v":32.73,"d":"32.7"},{"v":48.85,"d":"48.9"},{"v":4254.55,"d":"4,254.6"}]
["Área das UPAs com (50, 100] ha","hectare",49,50.2,66.9,96.8,{"v":3277.9,"d":"3,277.9"}]
["Área das UPAs com (100, 200] ha","hectare",27,100.3,{"v":141.97,"d":"142.0"},197.2,{"v":3833.26,"d":"3,833.3"}]
["Área das UPAs com (200, 500] ha","hectare",5,{"v":203,"d":"203.0"},{"v":312.68,"d":"312.7"},483.9,{"v":1563.4,"d":"1,563.4"}]
["Área das UPAs com (500, 1.000] ha","hectare","-","-","-","-","-"]
["Área das UPAs com (1.000, 2.000] ha","hectare",1,{"v":1004,"d":"1,004.0"},{"v":1004,"d":"1,004.0"},{"v":1004,"d":"1,004.0"},{"v":1004,"d":"1,004.0"}]
["Área das UPAs com (2.000, 5.000] ha","hectare",1,{"v":3704.9,"d":"3,704.9"},{"v":3704.9,"d":"3,704.9"},{"v":3704.9,"d":"3,704.9"},{"v":3704.9,"d":"3,704.9"}]
["Área das UPAs com (5.000, 10.000] ha","hectare","-","-","-","-","-"]
["Área das UPAs acima de 10.000 ha","hectare","-","-","-","-","-"]
["Fonte: Secretaria de Agricultura e Abastecimento, CDRS/IEA, Projeto LUPA."]
[]
["TABELA 378.2 - Explorações Animais, Município de Óleo, Estado de São Paulo, 2016/17."]
["ITEM","UNIDADE","N.DE UPAs","MÍNIMO","MÉDIO","MÁXIMO","TOTAL"]
["Apicultura","colmeias",1,{"v":90,"d":"90.0"},{"v":90,"d":"90.0"},{"v":90,"d":"90.0"},{"v":90,"d":"90.0"}]
["Asininos e muares","cabecas",5,{"v":1,"d":"1.0"},1.2,{"v":2,"d":"2.0"},{"v":6,"d":"6.0"}]
["Avicultura de corte","cabecas/ano",16,{"v":10,"d":"10.0"},{"v":31.75,"d":"31.8"},{"v":100,"d":"100.0"},{"v":508,"d":"508.0"}]
["Avicultura para ovos","cabecas",1,{"v":50,"d":"50.0"},{"v":50,"d":"50.0"},{"v":50,"d":"50.0"},{"v":50,"d":"50.0"}]
["Bovinocultura de corte","cabecas",174,{"v":2,"d":"2.0"},{"v":37.03,"d":"37.0"},{"v":600,"d":"600.0"},{"v":6443,"d":"6,443.0"}]
["Bovinocultura leiteira","cabecas",57,{"v":3,"d":"3.0"},{"v":46.47,"d":"46.5"},{"v":283,"d":"283.0"},{"v":2649,"d":"2,649.0"}]
["Bovinocultura mista","cabecas",16,{"v":6,"d":"6.0"},{"v":28.94,"d":"28.9"},{"v":100,"d":"100.0"},{"v":463,"d":"463.0"}]
["Caprinocultura","cabecas",1,{"v":78,"d":"78.0"},{"v":78,"d":"78.0"},{"v":78,"d":"78.0"},{"v":78,"d":"78.0"}]
["Equinocultura","cabecas",65,{"v":1,"d":"1.0"},{"v":3.23,"d":"3.2"},{"v":15,"d":"15.0"},{"v":210,"d":"210.0"}]
["Ovinocultura","cabecas",2,{"v":2,"d":"2.0"},{"v":41,"d":"41.0"},{"v":80,"d":"80.0"},{"v":82,"d":"82.0"}]
["Piscicultura","m2 tanques",1,{"v":2,"d":"2.0"},{"v":2,"d":"2.0"},{"v":2,"d":"2.0"},{"v":2,"d":"2.0"}]
["Suinocultura","cabecas",24,{"v":1,"d":"1.0"},{"v":78.38,"d":"78.4"},{"v":1400,"d":"1,400.0"},{"v":1881,"d":"1,881.0"}]
["Fonte: Secretaria de Agricultura e Abastecimento, CDRS/IEA, Projeto LUPA."]
[]
["TABELA 378.3 -  Máquinas, Implementos e Benfeitorias, Município de Óleo, Estado de São Paulo, 2016/17."]
["ITEM","UNIDADE","N.DE UPAs","MÍNIMO","MÉDIO","MÁXIMO","TOTAL"]
["Arado comum (bacia, aiveca)","unidade",57,{"v":1,"d":"1.0"},{"v":1.07,"d":"1.1"},{"v":4,"d":"4.0"},{"v":61,"d":"61.0"}]
["Arado escarificador","unidade",11,{"v":1,"d":"1.0"},{"v":1.82,"d":"1.8"},{"v":10,"d":"10.0"},{"v":20,"d":"20.0"}]
["Arado subsolador","unidade",11,{"v":1,"d":"1.0"},{"v":1,"d":"1.0"},{"v":1,"d":"1.0"},{"v":11,"d":"11.0"}]
["Batedeira de cereais","unidade",7,{"v":1,"d":"1.0"},{"v":1.14,"d":"1.1"},{"v":2,"d":"2.0"},{"v":8,"d":"8.0"}]
["Carregadeira de cana","unidade",2,{"v":1,"d":"1.0"},{"v":1,"d":"1.0"},{"v":1,"d":"1.0"},{"v":2,"d":"2.0"}]
["Carreta de trator","unidade",57,{"v":1,"d":"1.0"},1.3,{"v":4,"d":"4.0"},{"v":74,"d":"74.0"}]
["Colhedeira acoplada","unidade",4,{"v":1,"d":"1.0"},{"v":1.25,"d":"1.3"},{"v":2,"d":"2.0"},{"v":5,"d":"5.0"}]
["Colhedeira automotriz","unidade",9,{"v":1,"d":"1.0"},{"v":1,"d":"1.0"},{"v":1,"d":"1.0"},{"v":9,"d":"9.0"}]
["Computador","unidade",11,{"v":1,"d":"1.0"},{"v":1.09,"d":"1.1"},{"v":2,"d":"2.0"},{"v":12,"d":"12.0"}]
["Conj.irrigacao convencional","unidade",5,{"v":1,"d":"1.0"},1.6,{"v":3,"d":"3.0"},{"v":8,"d":"8.0"}]
["Conj.irrigacao pivot central","unidade",3,{"v":1,"d":"1.0"},{"v":1.33,"d":"1.3"},{"v":2,"d":"2.0"},{"v":4,"d":"4.0"}]
["Conj.irrigacao/gotejamento/microaspersao","unidade",16,{"v":1,"d":"1.0"},{"v":4.06,"d":"4.1"},{"v":15,"d":"15.0"},{"v":65,"d":"65.0"}]
["Conjunto de fenacao","unidade",4,{"v":1,"d":"1.0"},1.5,{"v":2,"d":"2.0"},{"v":6,"d":"6.0"}]
["Desintegrador de palha (plantio direto)","unidade",5,{"v":1,"d":"1.0"},{"v":2,"d":"2.0"},{"v":6,"d":"6.0"},{"v":10,"d":"10.0"}]
["Desintegrador, picador, triturador","unidade",52,{"v":1,"d":"1.0"},{"v":1.06,"d":"1.1"},{"v":2,"d":"2.0"},{"v":55,"d":"55.0"}]
["Distribuidor de calcario","unidade",22,{"v":1,"d":"1.0"},{"v":1,"d":"1.0"},{"v":1,"d":"1.0"},{"v":22,"d":"22.0"}]
["Ensiladeira","unidade",25,{"v":1,"d":"1.0"},{"v":1.04,"d":"1.0"},{"v":2,"d":"2.0"},{"v":26,"d":"26.0"}]
["Grade aradora (tipo romi)","unidade",38,{"v":1,"d":"1.0"},{"v":1.03,"d":"1.0"},{"v":2,"d":"2.0"},{"v":39,"d":"39.0"}]
["Grade niveladora","unidade",43,{"v":1,"d":"1.0"},{"v":1.02,"d":"1.0"},{"v":2,"d":"2.0"},{"v":44,"d":"44.0"}]
["Implementos para tracao animal","unidade",6,{"v":1,"d":"1.0"},1.5,{"v":4,"d":"4.0"},{"v":9,"d":"9.0"}]
["Misturador de racao","unidade",10,{"v":1,"d":"1.0"},{"v":1,"d":"1.0"},{"v":1,"d":"1.0"},{"v":10,"d":"10.0"}]
["Mmicrotrator","unidade",6,{"v":1,"d":"1.0"},{"v":1,"d":"1.0"},{"v":1,"d":"1.0"},{"v":6,"d":"6.0"}]
["Ordenhadeira mecanica","unidade",28,{"v":1,"d":"1.0"},{"v":1,"d":"1.0"},{"v":1,"d":"1.0"},{"v":28,"d":"28.0"}]
["Pulverizador tratorizado","unidade",20,{"v":1,"d":"1.0"},{"v":1,"d":"1.0"},{"v":1,"d":"1.0"},{"v":20,"d":"20.0"}]
["Resfriador de leite, tanque expansao","unidade",19,{"v":1,"d":"1.0"},{"v":1.05,"d":"1.1"},{"v":2,"d":"2.0"},{"v":20,"d":"20.0"}]
["Roçadeira costal","unidade",12,{"v":1,"d":"1.0"},{"v":1.08,"d":"1.1"},{"v":2,"d":"2.0"},{"v":13,"d":"13.0"}]
["Roçadeira tratorizada","unidade",18,{"v":1,"d":"1.0"},{"v":1,"d":"1.0"},{"v":1,"d":"1.0"},{"v":18,"d":"18.0"}]
["Semeadeira/adubadeira para plantio convencional","unidade",7,{"v":1,"d":"1.0"},{"v":1.14,"d":"1.1"},{"v":2,"d":"2.0"},{"v":8,"d":"8.0"}]
["Semeadeira/plantadeira plantio direto","unidade",11,{"v":1,"d":"1.0"},{"v":1.09,"d":"1.1"},{"v":2,"d":"2.0"},{"v":12,"d":"12.0"}]
["Terraceador","unidade",3,{"v":1,"d":"1.0"},{"v":1.33,"d":"1.3"},{"v":2,"d":"2.0"},{"v":4,"d":"4.0"}]
["Trator de esteiras","unidade",5,{"v":1,"d":"1.0"},{"v":1,"d":"1.0"},{"v":1,"d":"1.0"},{"v":5,"d":"5.0"}]
["Trator de pneus  acima de 85 cv","unidade",21,{"v":1,"d":"1.0"},{"v":1.19,"d":"1.2"},{"v":2,"d":"2.0"},{"v":25,"d":"25.0"}]
["Trator de pneus até 65 cv","unidade",51,{"v":1,"d":"1.0"},{"v":1.35,"d":"1.4"},{"v":5,"d":"5.0"},{"v":69,"d":"69.0"}]
["Trator de pneus de 66 cv a 85 cv","unidade",31,{"v":1,"d":"1.0"},{"v":1.32,"d":"1.3"},{"v":3,"d":"3.0"},{"v":41,"d":"41.0"}]
["Acude/represa","unidade",45,{"v":1,"d":"1.0"},{"v":1.64,"d":"1.6"},{"v":10,"d":"10.0"},{"v":74,"d":"74.0"}]
["Adega cantina","unidade",1,{"v":1,"d":"1.0"},{"v":1,"d":"1.0"},{"v":1,"d":"1.0"},{"v":1,"d":"1.0"}]
["Almoxarifado/oficina","unidade",8,{"v":1,"d":"1.0"},{"v":1,"d":"1.0"},{"v":1,"d":"1.0"},{"v":8,"d":"8.0"}]
["Armazem para graos ensacados","sacas",6]
["Balanca para bovinos","unidade",10,{"v":1,"d":"1.0"},{"v":1,"d":"1.0"},{"v":1,"d":"1.0"},{"v":10,"d":"10.0"}]
["Balanca para veiculos","unidade",3,{"v":1,"d":"1.0"},{"v":1,"d":"1.0"},{"v":1,"d":"1.0"},{"v":3,"d":"3.0"}]
["Barracao para bicho da seda/sirgaria","unidade",1,{"v":1,"d":"1.0"},{"v":1,"d":"1.0"},{"v":1,"d":"1.0"},{"v":1,"d":"1.0"}]
["Barracao para granja/avicultura","unidade",2,{"v":1,"d":"1.0"},{"v":1,"d":"1.0"},{"v":1,"d":"1.0"},{"v":2,"d":"2.0"}]
["Barracao/galpao/garagem","unidade",129,{"v":1,"d":"1.0"},{"v":1.19,"d":"1.2"},{"v":3,"d":"3.0"},{"v":154,"d":"154.0"}]
["Biodigestor","unidade",2,{"v":1,"d":"1.0"},{"v":1,"d":"1.0"},{"v":1,"d":"1.0"},{"v":2,"d":"2.0"}]
["Casa de moradia habitada","unidade",156,{"v":1,"d":"1.0"},{"v":1.51,"d":"1.5"},{"v":21,"d":"21.0"},{"v":236,"d":"236.0"}]
["Casa de moradia total","unidade",183,{"v":1,"d":"1.0"},{"v":1.52,"d":"1.5"},{"v":21,"d":"21.0"},{"v":278,"d":"278.0"}]
["Curral/mangueira","unidade",198,{"v":1,"d":"1.0"},{"v":1.04,"d":"1.0"},{"v":5,"d":"5.0"},{"v":206,"d":"206.0"}]
["Deposito/tulha","unidade",127,{"v":1,"d":"1.0"},{"v":1.11,"d":"1.1"},{"v":4,"d":"4.0"},{"v":141,"d":"141.0"}]
["Engenho","unidade",1,{"v":1,"d":"1.0"},{"v":1,"d":"1.0"},{"v":1,"d":"1.0"},{"v":1,"d":"1.0"}]
["Estabulo","unidade",14,{"v":1,"d":"1.0"},{"v":1,"d":"1.0"},{"v":1,"d":"1.0"},{"v":14,"d":"14.0"}]
["Estufa/plasticultura","m2",39]
["Fabrica de racao","unidade",2,{"v":1,"d":"1.0"},{"v":1,"d":"1.0"},{"v":1,"d":"1.0"},{"v":2,"d":"2.0"}]
["Instalacoes para equinos","unidade",6,{"v":1,"d":"1.0"},{"v":2.67,"d":"2.7"},{"v":10,"d":"10.0"},{"v":16,"d":"16.0"}]
["Maquina de beneficio","unidade",1,{"v":1,"d":"1.0"},{"v":1,"d":"1.0"},{"v":1,"d":"1.0"},{"v":1,"d":"1.0"}]
["Pocilga","unidade",17,{"v":1,"d":"1.0"},{"v":1.18,"d":"1.2"},{"v":3,"d":"3.0"},{"v":20,"d":"20.0"}]
["Poco semi-artesiano","unidade",24,{"v":1,"d":"1.0"},{"v":1.08,"d":"1.1"},{"v":2,"d":"2.0"},{"v":26,"d":"26.0"}]
["Secador de graos","unidade",1,{"v":1,"d":"1.0"},{"v":1,"d":"1.0"},{"v":1,"d":"1.0"},{"v":1,"d":"1.0"}]
["Silo para graos","ton",3]
["Silo para silagem","ton",11]
["Terreiro","m2",54]
["Fonte: Secretaria de Agricultura e Abastecimento, CDRS/IEA, Projeto LUPA."]
[]
["TABELA 378.4 - Outras Estatísticas Agrícolas, Município de Óleo, Estado de São Paulo, 2016/17."]
["ITEM","Número de UPAs",null,"Percentual"]
["Faz Parte de Associação de Produtores",29,null,{"v":7.1604938271604945,"d":"7.2"}]
["Faz Parte de Cooperativa de Produtores",44,null,{"v":10.864197530864196,"d":"10.9"}]
["Faz Parte do Sindicato de Produtores",48,null,{"v":11.851851851851853,"d":"11.9"}]
["Não utiliza assistência técnica ",282,null,{"v":69.62962962962963,"d":"69.6"}]
["Utiliza somente assistência técnica governamental ",84,null,{"v":20.74074074074074,"d":"20.7"}]
["Utiliza somente assistência técnica privada ",21,null,{"v":5.185185185185185,"d":"5.2"}]
["Utiliza assistência técnica tanto governamental quanto privada",18,null,{"v":4.444444444444445,"d":"4.4"}]
["Utiliza Crédito Rural",104,null,{"v":25.679012345679013,"d":"25.7"}]
["Utiliza Seguro Rural",34,null,{"v":8.395061728395062,"d":"8.4"}]
["Utiliza Escrituração Agrícola",186,null,{"v":45.925925925925924,"d":"45.9"}]
["Acessa Internet p/ Fins na Agropecuária",42,null,{"v":10.37037037037037,"d":"10.4"}]
["Utiliza Computador nas Atividades Agropecuárias",46,null,{"v":11.358024691358025,"d":"11.4"}]
["Utiliza Energia Elétrica Para Uso na Atividade Agrícola",267,null,{"v":65.92592592592592,"d":"65.9"}]
["Utiliza Energia Alternativa",3,null,{"v":0.7407407407407408,"d":"0.7"}]
["Realiza Análise de Solo, quando necessário",212,null,{"v":52.34567901234568,"d":"52.3"}]
["Realiza Calagem",122,null,{"v":30.123456790123456,"d":"30.1"}]
["Utiliza Práticas de Conservação de Solo, quando necessário",267,null,{"v":65.92592592592592,"d":"65.9"}]
["Faz Adubação Mineral, quando necessário",223,null,{"v":55.06172839506173,"d":"55.1"}]
["Faz Adubação Orgânica, quando necessário",118,null,{"v":29.1358024691358,"d":"29.1"}]
["Faz Adubação Verde, quando necessário",66,null,{"v":16.296296296296294,"d":"16.3"}]
["Utiliza Manejo Integrado de Pragas (MIP)",38,null,{"v":9.382716049382717,"d":"9.4"}]
["Utiliza Hidroponia",1,null,{"v":0.2469135802469136,"d":"0.2"}]
["Utiliza Cultivo em Estufa",40,null,{"v":9.876543209876543,"d":"9.9"}]
["Utiliza Mudas Fiscalizadas",62,null,{"v":15.30864197530864,"d":"15.3"}]
["Utiliza Semente Melhorada",130,null,{"v":32.098765432098766,"d":"32.1"}]
["Faz Confinamento de Bovinos",1,null,{"v":0.2469135802469136,"d":"0.2"}]
["Utiliza Pastejo Intensivo",34,null,{"v":8.395061728395062,"d":"8.4"}]
["Faz Inseminação Artificial",22,null,{"v":5.432098765432099,"d":"5.4"}]
["Faz Mineralização do Rebanho",201,null,{"v":49.629629629629626,"d":"49.6"}]
["Faz Vermifugação do Rebanho",204,null,{"v":50.37037037037037,"d":"50.4"}]
["Possui Parceiros /Arrendatários na Exploração Animal",69,null,{"v":17.037037037037035,"d":"17.0"}]
["Existência de trabalhadores c/ deficiência na UPA",2,null,{"v":0.4938271604938272,"d":"0.5"}]
["Esporte e lazer",2,null,{"v":0.4938271604938272,"d":"0.5"}]
["Extração mineral","-",null,"-"]
["Hotel Fazenda, Pousada ou SPA",3,null,{"v":0.7407407407407408,"d":"0.7"}]
["Pesque-pague",1,null,{"v":0.2469135802469136,"d":"0.2"}]
["Restaurante ou Lanchonete","-",null,"-"]
["Transformação artesanal","-",null,"-"]
["Turismo rural ou ecoturismo","-",null,"-"]
["Outras atividades econômicas rurais","-",null,"-"]
["Agroindústria","-",null,"-"]
["Proprietário sem instrução ou com instrução incompleta",4,null,{"v":0.9876543209876544,"d":"1.0"}]
["Proprietário com antigo primário completo",103,null,{"v":25.432098765432098,"d":"25.4"}]
["Proprietário com 1° grau (ou antigo ginasial) completo",76,null,{"v":18.765432098765434,"d":"18.8"}]
["Proprietário com 2° grau (ou antigo colegial) completo",115,null,{"v":28.395061728395063,"d":"28.4"}]
["Proprietário com curso superior completo ",105,null,{"v":25.925925925925924,"d":"25.9"}]
["Pessoa Jurídica",2,null,{"v":0.4938271604938272,"d":"0.5"}]
["Proprietário residente na própria UPA ",109,null,{"v":26.913580246913583,"d":"26.9"}]
["Fonte: Secretaria de Agricultura e Abastecimento, CDRS/IEA, Projeto LUPA."]
[]
["TABELA 378.5 - Área Cultivada, Município de Óleo, Estado de São Paulo, 2016/17."]
["CULTURA","N.DE UPAs","MÍNIMO","MÉDIO","MÁXIMO","TOTAL"]
["Cana-de-acucar finalidade industria",53,0.6,{"v":109.35,"d":"109.4"},{"v":3200,"d":"3,200.0"},{"v":5795.6,"d":"5,795.6"}]
["Braquiaria",281,0.4,{"v":19.84,"d":"19.8"},{"v":725,"d":"725.0"},{"v":5574.2,"d":"5,574.2"}]
["Soja",76,3.6,{"v":32.72,"d":"32.7"},{"v":140,"d":"140.0"},{"v":2486.4,"d":"2,486.4"}]
["Eucalipto",141,0.1,{"v":13.75,"d":"13.8"},{"v":184,"d":"184.0"},{"v":1938.7,"d":"1,938.7"}]
["Milho 2 safra",58,{"v":4,"d":"4.0"},{"v":31.22,"d":"31.2"},116.8,{"v":1810.8,"d":"1,810.8"}]
["Cana-de-acucar outras finalidades",37,0.4,{"v":16.58,"d":"16.6"},{"v":363,"d":"363.0"},613.3]
["Milho safra",28,{"v":1,"d":"1.0"},18.5,{"v":98,"d":"98.0"},518.1]
["Cafe",35,0.3,{"v":4.06,"d":"4.1"},24.7,142.1]
["Gramas",3,3.6,{"v":45.53,"d":"45.5"},113.4,136.6]
["Laranja Industria",1,{"v":125,"d":"125.0"},{"v":125,"d":"125.0"},{"v":125,"d":"125.0"},{"v":125,"d":"125.0"}]
["Feijao",2,{"v":20,"d":"20.0"},{"v":62,"d":"62.0"},{"v":104,"d":"104.0"},{"v":124,"d":"124.0"}]
["Abacate",3,5.9,38.6,101.6,115.8]
["Milho-silagem",15,1.8,{"v":7.35,"d":"7.4"},{"v":15,"d":"15.0"},110.2]
["Coloniao",14,{"v":1,"d":"1.0"},{"v":3.41,"d":"3.4"},9.8,47.8]
["Pimentao",31,0.1,{"v":1.09,"d":"1.1"},{"v":12,"d":"12.0"},33.8]
["Alfafa",4,2.8,5.8,8.4,23.2]
["Capim-gordura",1,20.5,20.5,20.5,20.5]
["Aveia",2,9.6,9.8,{"v":10,"d":"10.0"},19.6]
["Tomate envarado",15,0.1,{"v":0.81,"d":"0.8"},{"v":6,"d":"6.0"},12.2]
["Pepino",7,0.1,{"v":1.11,"d":"1.1"},{"v":6,"d":"6.0"},7.8]
["Outras florestais",1,6.1,6.1,6.1,6.1]
["Capim-napier (ou capim-elefante)",3,0.3,{"v":1.63,"d":"1.6"},{"v":4,"d":"4.0"},4.9]
["Outras gramineas para pastagem",1,1.5,1.5,1.5,1.5]
["Limao",1,{"v":1,"d":"1.0"},{"v":1,"d":"1.0"},{"v":1,"d":"1.0"},{"v":1,"d":"1.0"}]
["Alface",1,0.1,0.1,0.1,0.1]
["Fonte: Secretaria de Agricultura e Abastecimento, CDRS/IEA, Projeto LUPA."]